FA Women`s Continental League Cup - Statistics

General Stats
  • This quiz has been taken 54 times
  • The average score is 4 of 7
Answer Stats
Antwort % Correct
Arsenal
100%
Chelsea
100%
Manchester City
100%
Birmingham City
36%
Bristol City
36%
Notts County
11%
Lincoln
7%
No matching quizzes found
Score Distribution
Percent of People with Each Score
Percentile by Number Answered
Your Score History
You have not taken this quiz